000 00903nam a22002537a 4500
001 76132
003 BD-RjUL
005 20211209082810.0
008 191029s2019 bg ||||| |||| 00| 0 ben d
020 _a9789849362791
035 _a(BD-RjUL)
040 _aBD-RjUL
_beng
_cBD-RjUL
041 _aeng
082 _223
_a070.401
_bSAS 2019
100 _aসরকার, সজীব
_9234211
245 _aসাংবাদিকতা :
_bসহজ পাঠ /
_cসজীব সরকার
260 _aঢাকা :
_bশ্রাবণ প্রকাশনী,
_c২০১৯
300 _a১৭৬ পৃ. ;
_c২২ সেমি.
504 _aবিবলিওগ্রাফি অন্তর্ভূক্ত।
650 _aJournalism
_vHandbooks, manuals, etc.
_9234212
650 _aJournalism
_9234213
650 _aসাংবাদিকতা
_9234214
942 _2ddc
_cBK
999 _c76132
_d76132